000 00279nam a22001337a 4500
008 170719b xxu||||| |||| 00| 0 eng d
020 _a9780314040534
041 _aeng
080 _a2
100 _a24
101 _aTEO
245 _aMEDITATION
_cKOVACH, K.K
942 _2udc
_cBK
999 _c21582
_d21582